00369pab a2200133 454500008004000000100003500040245007000075260000900145300001100154362001100165650001700176700001600193773002600209180718b1990 xxu||||| |||| 00| 0 eng d aHammond, Thomas H. (Michigan S aIn defence of Luther Gulick's notes on the theory of organisation c1990 a143-73 aSummer aOrganisation atate Univ.) aPUblic Administration